| 000 -ლიდერი |
| ფიქსირებული სიგრძის საკონტროლო ველი |
02469nam a2200313Ia 4500 |
| 001 - საკონტროლო ნომერი |
| საკონტროლო ველი |
23275 |
| 003 - საკონტროლო ნომრის იდენტიფიკატორი |
| საკონტროლო ველი |
GE_BSU |
| 005 - ბოლო ოპერაციის თარიღი და დრო |
| საკონტროლო ველი |
20230727172637.0 |
| 008 - ფიქსირებული სიგრძის მონაცემთა ელემენტები - ზოგადი ინფორმაცია |
| ფიქსირებული სიგრძის საკონტროლო ველი |
181216s2018||||ge |||||||||||||| ||geo|| |
| 020 ## - წიგნის საერთაშორისო სტანდარტული ნომერი |
| International Standard Book Number |
9789941953460 |
| 040 ## - კატალოგიზაციის წყარო |
| Transcribing agency |
GE_BSU |
| 041 ## - ენის კოდი |
| Language code of text/sound track or separate title |
geo |
| 080 ## - უნივერსალური ათობითი კლასიფიკაციის ინდექსი |
| Universal Decimal Classification number |
94(479.22)"1918 წ."+ 821.353.1-92 გ-97 |
| 100 ## - მთავარი ჩანაწერი - პიროვნების სახელი |
| Personal name |
გურული, ვახტანგ |
| 9 (RLIN) |
19548 |
| 245 ## - ცნობა სათაურის შესახებ |
| Title |
საქართველო სრულუფლებოვანი დამოუკიდებელი სახელმწიფოა (1918) / |
| Statement of responsibility, etc |
ვახტანგ გურული ; რედაქტორი სერგო ვარდოსანიძე. |
| 264 ## - წარმოების, გამოცემის, დისტრიბუციის და სხვა ცნობები |
| გამოცემის, წარმოების, დისტრიბუციის... ადგილი |
თბილისი : |
| გამოცემის, წარმოების, დისტრიბუციის... სახელწოდება |
ქართული უნივერსიტეტი, |
| გამოცემის, წარმოების, დისტრიბუციის... თარიღი |
2018. |
| 300 ## - ფიზიკური აღწერა |
| Extent |
176 გვ. : |
| Other physical details |
ილ. ; |
| Dimensions |
20 სმ. |
| 500 ## - ზოგადი შენიშვნა |
| General note |
ეძღვნება 1921 წელს სამშობლოდან გადახვეწილი ქართველების ხსოვნას |
| 500 ## - ზოგადი შენიშვნა |
| General note |
თავფურცლის მე-2 გვერდი ინგლისურ ენაზე, მე-3 გვერდი რუსულ ენაზე |
| 520 ## - SUMMARY, ETC. |
| Summary, etc |
ეძღვნება 1921 წელს სამშობლოდან გადახვეწილი ქართველების ხსოვნას. თავფურცლის მე-2 გვერდი ინგლ. ენაზე, მე-3 გვერდი რუს. ენაზე. |
| 546 ## - LANGUAGE NOTE |
| Language note |
თავფურცლის მე-2 გვერდი ინგლ. ენაზე, მე-3 გვერდი რუს. ენაზე. |
| 653 ## - INDEX TERM--UNCONTROLLED |
| Uncontrolled term |
ისტორია |
| 653 ## - INDEX TERM--UNCONTROLLED |
| Uncontrolled term |
საქართველო სრულუფლებოვანი დამოუკიდებელი სახელმწიფოა (1918) |
| 653 ## - INDEX TERM--UNCONTROLLED |
| Uncontrolled term |
საქართველოს დამოუკიდებლობის აღდგენა |
| 700 ## - ADDED ENTRY--PERSONAL NAME |
| Personal name |
ვარდოსანიძე, სერგო |
| Relator term |
რედაქტორი |
| 9 (RLIN) |
19549 |
| 710 ## - ADDED ENTRY--CORPORATE NAME |
| Corporate name or jurisdiction name as entry element |
საქართველოს საპატრიარქოს წმინდა ანდრია პირველწოდებულის სახელობის ქართული უნივერსიტეტი ქართული უნ-ტი. |
| 9 (RLIN) |
19550 |
| 942 ## - ADDED ENTRY ELEMENTS (KOHA) |
| Koha item type |
წიგნი |
| Source of classification or shelving scheme |
|